01470naa a22003257a 4500001001000000003000900010005001700019007000300036008003400039040005400073041000900127072001900136090001800155100001500173100001700188100002200205100002600227100001800253111009400271245005600365260003800421500018200459650001700641650002100658773024700679909003600926942001400962999001900976952014900995BR8204782BR-BrBNA20240918175144.0ta230509b bl.||||| |||| 00| 0 por d aBR-BrBNAbporcBiblioteca Nacional de Agricultura a(Pt) aF25; F22b3850 aF25 BR82047821 aCorrea, D.1 aPressi, F.P.1 aJacometti, M.L.G.1 aSpitzner Junior, P.I.1 aParedes, E.A.1 aColoquio Regional Sobre Materia Organica do SolocPiracicaba, SP (Brazil)d18-22 Oct 19821 aTecnologia de fabricacao de fertilizantes organicos3 aPiracicaba, SP (Brasil): c1982.  aCerri, C.C.; Vose, P.B.; Athie, D.; Sodrzeieski, D. (eds.) Anais do coloquio regional sobre materia organica do solo Piracicaba, SP (Brasil): 1982. p. 217-222 (BR8204782-AM)F25  aFERTILIZANTE aRESIDUO ORGANICO0 tAnais do coloquio regional sobre materia organica do soloaCerri, C.C.; Vose, P.B.; Athie, D.; Sodrzeieski, D. (eds.). Centro de Energia Nuclear na Agricultura, Piracicaba, SP (Brasil)wF25 BR8204782gPiracicaba, SP (Brasil), 1982. p. 217-222 a202404bLuciac55dLucia Elande cAM2AGRIS c315297d315297 002AGRIS40708Acervo Gerala41918b41918cAgrobasel0o3850 BR8204771r2024-05-20t01yAM10d2024-04-11ePortaria Interministerial nÂș 164/94